00317nam a22000857a 4500008004100000082001500041245011000056260005700166300000800223230621b xxu||||| |||| 00| 0 eng d a328.3bRSA aProcedural Developments in the National Assembly bFirst Session -Third Parliament April to December 2004 aSouth AfricabParliament of Republic of South Africa a31p